Linguistic semantics : (Record no. 6248)

MARC details
000 -LEADER
fixed length control field 00881cam a2200181 a 4500
020 ## - INTERNATIONAL STANDARD BOOK NUMBER
ISBN 0521433029 (hardback)
020 ## - INTERNATIONAL STANDARD BOOK NUMBER
ISBN 0521438772
022 ## - INTERNATIONAL STANDARD SERIAL NUMBER
ISSN 9780521433020
050 00 - CALL NUMBER
Classification number P325
Item number .C78
100 1# - AUTHOR
Personal name Lyons, John,
245 10 - TITLE
Title Linguistic semantics :
Remainder of title an introduction /
Statement of responsibility, etc John Lyons.
260 ## - PUBLICATION INFORMATION
Place of publication Cambridge ;
-- New York :
Name of publisher Cambridge University Press,
Year of publication 1995.
300 ## - DESCRIPTION
Number of Pages xvi, 376 p. :
Other physical details ill. ;
Dimensions 23 cm.
500 ## - NOTES
General note Includes Index
505 ## - FORMATTED CONTENTS NOTE
Table of Content 1. Metalinguistic preliminaries --<br/>2. Words as meaningful units --<br/>3. Defining the meaning of words --<br/>4. structural approach --<br/>5. Meaningful and meaningless sentences --<br/>6. Sentence-meaning and propositional content --<br/>7. formalization of sentence-meaning --<br/>8. Speech acts and illocutionary force --<br/>9. Text and discourse; context and co-text --<br/>10. subjectivity of utterance.
650 #0 - SUBJECTS
Topical Term Semantics.
942 ## - ADDED ENTRY ELEMENTS (KOHA)
Koha item type Books
Holdings
Withdrawn status Lost status Collection code Home library Current library Shelving location Date acquired Full call number Accession Number Koha item type
    Reference Methodist University Library Main Methodist University Library Main General Stacks 17/04/2010 P325 .C78 30856 Books
    Reference Methodist University Library Main Methodist University Library Main General Stacks 17/04/2010 P325 .C78 30855 Books
Copyright © 2026  MUG Library